000 00364nam a2200157Ia 4500
008 230524s9999 xx 000 0 und d
082 _a5
_bKAN
100 _aYashavant Kanetkar
245 0 _aVisual C++ Projects
250 _a1ST
260 _aNEW DELHI
_bBPB
_c1999
300 _aVIII;337
500 _aQuantity Number: 1
650 _aComp-Sc
942 _cBK
999 _c35636
_d35636